• 首页
  • 本馆介绍
  • 公告通知
  • 最新文献
  • 馆藏检索
  • 电子资源
  • 读者导购
  • 参考咨询
  • 我的图书馆
  • 登录
  • 详细信息显示
  • 放入我的书架
  • 预约/预借图书
  • 作者相关作品
  • 分类相关作品
  • 丛书相关作品
  • 出版社相关作品

书目信息

  • 表格格式
  • 工作单格式
  • 卡片格式
题名:
法治中国
    
 
作者: 卓泽渊 主编 ;最高法院 编写
分册:  
出版信息: 北京   人民法院出版社  2017
页数: 422页
开本: 24cm
丛书名:
单 册:
中图分类: D229 , D920.4
科图分类:
主题词: 社会主义法制--建设--中国--学习参考资料
电子资源:
ISBN: 978-7-5109-1921-3
000 01225nam0 2200301 450
001 012001001090
005 20180920154911.40
010    @a978-7-5109-1921-3@dCNY78.00
100    @a20171222d2017 em y0chiy50 ea
101 0  @achi
102    @aCN@b110000
105    @ay z 000yy
106    @ar
200 1  @a法治中国@9Fa Zhi Zhong Guo@e学习习近平总书记关于法治的重要论述@f最高人民法院中国特色社会主义法治理论研究中心编写
205    @a2版
210    @a北京@c人民法院出版社@d2017
215    @a422页@d24cm
314    @a主编:卓泽渊
330    @a本书共十一章,内容包括:中国特色社会主义法治理论、建设法治中国与全面推进依法治国的总体思路、法治在国家治理与社会管理中的重要作用、全面推进依法治国的基本方针、强化宪法实施与完善立法体制等。
517 1  @a学习习近平总书记关于法治的重要论述@9Xue Xi Xi Jin Ping Zong Shu Ji Guan Yu Fa Zhi De Zhong Yao Lun Shu
606 0  @a社会主义法制@x建设@y中国@j学习参考资料
610 0  @a中国共产党十八届三中全会(2013)@a文件@a学习参考资料
690    @aD229@v5
690    @aD920.4@v5
701  0 @a卓泽渊@9Zhuo Ze Yuan@4主编
712 02 @a最高法院@9Zui Gao Fa Yuan@b中国特色社会主义法治理论研究中心@4编写
801  0 @aCN@b上海新华@c20180901
905    @b1155851-55@dD229@e204=2@f5
    
    法治中国:学习习近平总书记关于法治的重要论述/最高人民法院中国特色社会主义法治理论研究中心编写.-2版.-北京:人民法院出版社,2017
    422页;24cm
    
    
    ISBN 978-7-5109-1921-3:CNY78.00
    本书共十一章,内容包括:中国特色社会主义法治理论、建设法治中国与全面推进依法治国的总体思路、法治在国家治理与社会管理中的重要作用、全面推进依法治国的基本方针、强化宪法实施与完善立法体制等。
●
相关链接 在E读中查询图书 在五车中查询图书 在当当中查询图书 在豆瓣中查询图书


正题名:法治中国     索取号:D229/204=2         预约/预借

序号 登录号 条形码 馆藏地/架位号 状态 备注
1 1155851   211558517   第一样本阅览室/ [索取号:D229/204=2] 在馆    
2 1155852   211558526   第一借阅区/ [索取号:D229/204=2] 在馆    
3 1155853   211558535   第一借阅区/ [索取号:D229/204=2] 在馆    
4 1155854   211558544   第一借阅区/ [索取号:D229/204=2] 在馆    
5 1155855   211558553   密集书库-史法系/ [索取号:D229/204=2] 在馆    
唐山师范学院图书馆 欢迎您!
大连网信软件有限公司© 版权所有